Estadísticas para Países con osos tibetanos

Haz click aquí para intentar la prueba.

Estadísticas generales

  • Esta prueba ha sido intentada 24 veces
  • La puntuación promedio es 17 de 18

Estadísticas de respuestas

Pais% Correcto
China
100%
Laos
100%
Nepal
100%
Tailandia
100%
Vietnam
100%
Afganistán
95%
Bangladés
95%
Camboya
95%
India
95%
Myanmar
95%
Pakistán
95%
Bután
91%
Corea del Norte
91%
Corea del Sur
91%
Rusia
91%
Japón
82%
Taiwán
82%
Irán
77%

Distribución de puntuación

Porcentaje por número respondido

Porcentaje de gente con cada puntuación

Historial de tus puntuaciones

No has intentado esta prueba.